Contes par images - Statistiques

Statistiques générales
  • Ce quiz a été pris 707 fois
    643 depuis la dernière actualisation
  • Le résultat moyen est 9 sur 15
Statistiques - réponses
Par images Réponse % Correct
Le Petit Chaperon rouge
99%
Raiponce
90%
Blanche-Neige
89%
Le Chat Botté
82%
Hansel et Gretel
80%
Robin des Bois
80%
La Belle au bois dormant
77%
Les Trois Petits Cochons
68%
Jack et le Haricot magique
58%
Le Petit Poucet
56%
Ali Baba et les Quarante Voleurs
48%
Boucles d'or et les Trois Ours
44%
Le Loup et les Sept Chevreaux
15%
Sinbad le marin
10%
Le Petit Bonhomme de pain d'épices
9%
Aucun quiz correspondant
Distribution des résultats
% des personnes avec chaque résultat
Percentile par nombre de réponses
Votre historique - résultats
Vous n’avez pas pris ce quiz depuis la dernière actualisation